• 首页
  • 本馆介绍
  • 公告通知
  • 最新文献
  • 馆藏检索
  • 电子资源
  • 读者导购
  • 参考咨询
  • 我的图书馆
  • 登录
  • 详细信息显示
  • 放入我的书架
  • 预约/预借图书
  • 作者相关作品
  • 分类相关作品
  • 丛书相关作品
  • 出版社相关作品

书目信息

  • 表格格式
  • 工作单格式
  • 卡片格式
题名:
韩非与法家思想
    
 
作者: 金东瑞 编著
分册:  
出版信息: 长春   吉林文史出版社  2018
页数: 135页
开本: 22cm
丛书名:
单 册:
中图分类: B226.55
科图分类:
主题词: 法家--研究
电子资源:
ISBN: 978-7-5472-0932-5
000 00781nam0 2200253 45
001 012001012373
005 20141124115045.0
010    @a978-7-5472-0932-5@dCNY34.80
100    @a20120708d2012 em y0chiy50 ea
101 0  @achi
102    @aCN@b220000
105    @ay z 000yy
106    @ar
200 1  @a韩非与法家思想@9han fei yu fa jia si xiang@f金东瑞编著
210    @a长春@c吉林文史出版社@d2018
215    @a135页@c图@d22cm
300    @a中国文化知识读本
330    @a本书内容包括:法家思想的时代背景、韩非的思想渊源、韩非及其主要思想、《韩非子》中的寓言。
600  0 @a韩非@f(前280-前233)@x人物研究
606 0  @a法家@x研究
690    @aB226.55@v5
701  0 @a金东瑞@9jin dong rui@4编著
801  0 @aCN@b上海新华@c20191020
905    @b1179011-4@dB226.55@e903@f4
    
    韩非与法家思想/金东瑞编著.-长春:吉林文史出版社,2018
    135页:图;22cm
    中国文化知识读本
    
    ISBN 978-7-5472-0932-5:CNY34.80
    本书内容包括:法家思想的时代背景、韩非的思想渊源、韩非及其主要思想、《韩非子》中的寓言。
●
相关链接 在E读中查询图书 在五车中查询图书 在当当中查询图书 在豆瓣中查询图书


正题名:韩非与法家思想     索取号:B226.55/903         预约/预借

序号 登录号 条形码 馆藏地/架位号 状态 备注
1 1179011   211790114   第一样本阅览室/ [索取号:B226.55/903] 在馆    
2 1179012   211790123   第一借阅区/ [索取号:B226.55/903] 在馆    
3 1179013   211790132   第一借阅区/ [索取号:B226.55/903] 在馆    
4 1179014   211790141   第一借阅区/ [索取号:B226.55/903] 在馆    
唐山师范学院图书馆 欢迎您!
大连网信软件有限公司© 版权所有